Know your school law / (Record no. 22170)

MARC details
000 -LEADER
fixed length control field 01074cam a22002771i 4500
001 - CONTROL NUMBER
control field e 52000023
003 - CONTROL NUMBER IDENTIFIER
control field DLC
005 - DATE AND TIME OF LATEST TRANSACTION
control field 20260227111234.0
008 - FIXED-LENGTH DATA ELEMENTS--GENERAL INFORMATION
fixed length control field 770406s1952 dcu b f000 0 eng c
010 ## - LIBRARY OF CONGRESS CONTROL NUMBER
LC control number e 52000023
035 ## - SYSTEM CONTROL NUMBER
System control number (OCoLC)2865083
040 ## - CATALOGING SOURCE
Original cataloging agency U.S. Office of Education. Library
Transcribing agency DNIE
Modifying agency DLC
043 ## - GEOGRAPHIC AREA CODE
Geographic area code n-us---
050 00 - LIBRARY OF CONGRESS CALL NUMBER
Classification number L111
Item number .A6 1952, no. 1
051 ## - LIBRARY OF CONGRESS COPY, ISSUE, OFFPRINT STATEMENT
Classification number KF4119
Item number .K44 1952
082 ## - DEWEY DECIMAL CLASSIFICATION NUMBER
Classification number 379.1473
100 1# - MAIN ENTRY--PERSONAL NAME
Personal name Keesecker, Ward W.
Fuller form of name (Ward Wilbur),
Dates associated with a name 1898-
245 10 - TITLE STATEMENT
Title Know your school law /
Statement of responsibility, etc. by Ward. W. Keesecker.
260 ## - PUBLICATION, DISTRIBUTION, ETC.
Place of publication, distribution, etc. Washington :
Name of publisher, distributor, etc. Federal Security Agency, Office of Education,
Date of publication, distribution, etc. 1952.
300 ## - PHYSICAL DESCRIPTION
Extent iv, 26 p. ;
Dimensions 23 cm.
410 10 - SERIES STATEMENT/ADDED ENTRY--CORPORATE NAME [OBSOLETE, CAN/MARC], [LOCAL, USA]
Corporate name or jurisdiction name as entry element United States.
Subordinate unit Office of Education.
Title of a work Bulletin,
Date of a work 1952,
Volume number/sequential designation no. 1
500 ## - GENERAL NOTE
General note Copies 1 and 2 of L111.A6 bound with: Bulletin / United States. Office of Education, 1952, no. 2-1952, no. 11, subsequent to publication.
504 ## - BIBLIOGRAPHY, ETC. NOTE
Bibliography, etc. note Bibliography: p. 11-25.
650 #0 - SUBJECT ADDED ENTRY--TOPICAL TERM
Topical term or geographic name entry element Educational law and legislation
Geographic subdivision United States.
650 #0 - SUBJECT ADDED ENTRY--TOPICAL TERM
Topical term or geographic name entry element Educational law and legislation
Geographic subdivision United States
General subdivision Bibliography.

No items available.

Powered by Koha